000 00954nam a2200205 i 4500
001 182419
003 ES-MaACL
005 20250728182217.0
008 130813s1992 sp |||| | spa d
100 1 _aGarcía-Diego, José A.
_954541
245 1 0 _aVillarreal de Berriz
_b: desde una exposición a la conservación de monumentos de interés tecnológico /
_cJosé A. García-Diego ; comentarios por Manuel Díaz-Marta y Francisco Ruiz de Velasco ; contestación de José A. García-Diego.
260 _a[Madrid :
_bRevista de Obras Públicas,
_c1992]
300 _aP. 33-38, 83-91 :
_bil. ;
_c27 cm.
595 _aSeparata de: Revista de obras públicas, junio de 1991 (p. 33-38) y noviembre de 1992 (p. 83-91)
600 1 4 _aVillarreal de Berriz, Pedro Bernardo,
_d1670-1740
_9115137
700 1 _aDíaz-Marta Pinilla, Manuel.
_944340
700 1 _aRuiz de Velasco, Francisco.
_9153231
852 _aES-MaACL
_j2324-F-2
999 _c182419
_d182419